Kinetika fermentačnej prípravy D-arabitolu z glycerolu bakalárska práca

Saved in:
Bibliographic Details
Main Author: Mésaroš, Jakub
Format: Book
Language:Slovak
Published: Bratislava STU FCHPT 2019
Online Access:View in OPAC
Tags: Add Tag
No Tags, Be the first to tag this record!

MARC

LEADER 00000nam a2200000 a 4500
005 20260127134046.0
008 190826 2019 xo a 001 0 slo d
035 |a vtls011883588 
039 9 |y 201908261309  |z mschk03 
040 |a STUSCHK1  |b slo  |c STUSCHK1  |e AACR2 
100 1 |a Mésaroš, Jakub 
245 1 |a Kinetika fermentačnej prípravy D-arabitolu z glycerolu  |b bakalárska práca  |c Jakub Mésároš 
260 |a Bratislava  |b STU FCHPT  |c 2019 
300 |a 61 s.  |b Obr., tab.  |c 25 cm 
500 |a Študijný program: biotechnológia a potravinárska technológia 
500 |a Študijný odbor: biotechnológie 
500 |a Školiace pracovisko: Ústav biotechnológie 
500 |a Evid. číslo: FCHPT-13567-76207 
910 |a SCHK95 
999 |c 3131  |d 3131